[Event "Armavir Cup op"]
[Site "Armavir"]
[Date "2014.??.??"]
[Round "9"]
[White "Volobueva, Victoria"]
[Black "Zaitsev, Vladimir"]
[Result "1-0"]
[WhiteElo "1656"]
[BlackElo "1853"]
[PlyCount "60"]
[EventDate "2014.12.14"]
[EventType "swiss"]
[EventRounds "9"]
[EventCountry "RUS"]
[SourceTitle "CBM 164 Extra"]
[Source "ChessBase"]
[SourceDate "2015.03.02"]
[SourceVersion "1"]
[SourceVersionDate "2015.03.02"]
[SourceQuality "1"]

1. e4 e6 2. d4 d5 3. e5 c5 4. c3 Nc6 5. Nf3 Qb6 6. Be2 cxd4 7. cxd4 Bb4+ 8. Nc3 Bd7 9. 0-0 Rc8 10. Be3 Bxc3 11. bxc3 Na5 12. Bd2 Bb5 13. Bxb5+ Qxb5 14. Rb1 Qc6 15. Nh4 Ne7 16. Qg4 Ng6 17. f4 Nc4 18. Be1 Nxh4 19. Qxh4 0-0 20. Rf3 f5 21. Rh3 h6 22. Rg3 Rf7 23. Qxh6 b6 24. Qg6 Kf8 25. Rh3 Ke7 26. Rh7 Rg8 27. h3 Qe8 28. g4 Qf8 29. g5 Rh8 30. Qh5 Rg8 1-0

[Event "Armavir Cup op"]
[Site "Armavir"]
[Date "2014.??.??"]
[Round "8"]
[White "Zaitsev, Vladimir"]
[Black "Selina, Ekaterina"]
[Result "1-0"]
[WhiteElo "1853"]
[BlackElo "1537"]
[PlyCount "85"]
[EventDate "2014.12.14"]
[EventType "swiss"]
[EventRounds "9"]
[EventCountry "RUS"]
[SourceTitle "CBM 164 Extra"]
[Source "ChessBase"]
[SourceDate "2015.03.02"]
[SourceVersion "1"]
[SourceVersionDate "2015.03.02"]
[SourceQuality "1"]

1. c4 e5 2. Nc3 Nf6 3. Nf3 d6 4. d3 Be7 5. e4 0-0 6. Be2 Be6 7. 0-0 Nbd7 8. Ng5 Nc5 9. b4 Na6 10. Nxe6 fxe6 11. a3 Nb8 12. b5 c6 13. a4 Nbd7 14. Be3 d5 15. cxd5 exd5 16. exd5 cxd5 17. Qb3 Nc5 18. Bxc5 Bxc5 19. Bf3 Bd4 20. Rae1 Kh8 21. Nxd5 Rb8 22. Nxf6 Rxf6 23. Rc1 b6 24. Rc2 Bc5 25. Rc4 Qd6 26. Rh4 Rh6 27. Rxh6 Qxh6 28. Qf7 Bd6 29. Be4 Rf8 30. Qxa7 Bc5 31. Qd7 Bxf2+ 32. Kh1 Bc5 33. Rxf8+ Bxf8 34. g3 Qc1+ 35. Kg2 Qd2+ 36. Kh3 Qh6+ 37. Kg4 g6 38. h4 Qh5+ 39. Kh3 Qd1 40. Qf7 h5 41. Qxf8+ Kh7 42. Qf7+ Kh8 43. Qf6+ 1-0

[Event "Chigorin Memorial 13th"]
[Site "St Petersburg"]
[Date "2005.10.22"]
[Round "8"]
[White "Zaitsev, Vladimir"]
[Black "Melnikov, Dmitry"]
[Result "1-0"]
[WhiteElo "2451"]
[BlackElo "2327"]
[PlyCount "79"]
[EventDate "2005.10.15"]
[EventType "swiss"]
[EventRounds "9"]
[EventCountry "RUS"]
[SourceTitle "CBM 108 Extra"]
[Source "ChessBase"]
[SourceDate "2005.11.04"]
[SourceVersion "1"]
[SourceVersionDate "2005.11.04"]
[SourceQuality "1"]

1. e4 e5 2. Nf3 d6 3. d4 Nf6 4. dxe5 Nxe4 5. Qd5 Nc5 6. Bg5 Be7 7. exd6 Qxd6 8. Nc3 h6 9. Qxd6 Bxd6 10. Be3 a6 11. Nd5 Ne6 12. 0-0-0 Nd7 13. g3 0-0 14. Bg2 Rb8 15. Rhe1 b5 16. Nh4 Bc5 17. f4 Bb7 18. Nxc7 Nxc7 19. Bxb7 Bxe3+ 20. Rxe3 Nb6 21. Bc6 Nc4 22. Rc3 Rbd8 23. Bd7 Ne6 24. b3 Nc5 25. bxc4 Rxd7 26. Rxd7 Nxd7 27. cxb5 axb5 28. Rc7 Nf6 29. Rb7 Re8 30. Rxb5 Re1+ 31. Kb2 Re7 32. Nf3 Kf8 33. a4 Re4 34. a5 Ra4 35. Ne5 Ne4 36. Nd7+ Ke7 37. Nb6 Rd4 38. a6 Nd6 39. a7 Nxb5 40. a8Q 1-0

[Event "Chigorin Memorial 13th"]
[Site "St Petersburg"]
[Date "2005.10.15"]
[Round "1"]
[White "Makarov, Pavlo"]
[Black "Zaitsev, Vladimir"]
[Result "0-1"]
[WhiteElo "2147"]
[BlackElo "2451"]
[PlyCount "138"]
[EventDate "2005.10.15"]
[EventType "swiss"]
[EventRounds "9"]
[EventCountry "RUS"]
[SourceTitle "CBM 108 Extra"]
[Source "ChessBase"]
[SourceDate "2005.11.04"]
[SourceVersion "1"]
[SourceVersionDate "2005.11.04"]
[SourceQuality "1"]

1. d4 e6 2. c4 f5 3. a3 d5 4. Nf3 c6 5. g3 Bd6 6. Bg2 Nf6 7. b3 0-0 8. Bb2 Bd7 9. e3 Be8 10. Nbd2 Bh5 11. Qc2 Ne4 12. 0-0 Nd7 13. Rfc1 Qf6 14. b4 g5 15. b5 Nxd2 16. Nxd2 f4 17. e4 fxg3 18. fxg3 Qf2+ 19. Kh1 Bg6 20. Qc3 Nb6 21. a4 Nxc4 22. Nxc4 dxc4 23. bxc6 bxc6 24. d5 e5 25. dxc6 Rab8 26. Rc2 Qc5 27. Ba3 Qxc6 28. Bxd6 Qxd6 29. Qxc4+ Kh8 30. Rac1 Rb4 31. Qc5 Qxc5 32. Rxc5 Re8 33. Ra5 Re7 34. Kg1 Kg7 35. Rc2 Be8 36. h3 Rxa4 37. Rxa4 Bxa4 38. Rc5 Kf6 39. Ra5 Bc2 40. Ra6+ Kg7 41. Kf2 Bd3 42. Ra3 Bb5 43. Ke3 a6 44. Bf3 Kf7 45. h4 gxh4 46. gxh4 Ke6 47. Be2 Kd6 48. Bxb5 axb5 49. Kd2 Kc5 50. Rd3 Kc4 51. Rd5 Re6 52. Kc2 Rh6 53. Rxe5 Rxh4 54. Re7 Rh2+ 55. Kc1 b4 56. e5 Rh1+ 57. Kb2 Rh2+ 58. Kc1 h5 59. e6 Re2 60. Kd1 Re4 61. Kc2 h4 62. Rc7+ Kd5 63. e7 h3 64. Rd7+ Kc4 65. Rc7+ Kb5 66. Rb7+ Kc5 67. Kd3 h2 68. e8Q Rxe8 69. Rh7 b3 0-1

[Event "Voronezh op"]
[Site "Voronezh"]
[Date "2005.06.20"]
[Round "8"]
[White "Zaitsev, Vladimir"]
[Black "Zubarev, Alexander2"]
[Result "1-0"]
[WhiteElo "2435"]
[BlackElo "2514"]
[PlyCount "101"]
[EventDate "2005.06.12"]
[EventType "swiss"]
[EventRounds "9"]
[EventCountry "RUS"]
[SourceTitle "CBM 106 Extra"]
[Source "ChessBase"]
[SourceDate "2005.07.01"]
[SourceVersion "1"]
[SourceVersionDate "2005.07.01"]
[SourceQuality "1"]

1. e4 c5 2. Nf3 a6 3. g3 Nc6 4. Bg2 g6 5. 0-0 Bg7 6. c3 e5 7. d3 Nge7 8. Be3 d6 9. d4 exd4 10. cxd4 Bg4 11. dxc5 dxc5 12. Nc3 Nd4 13. Nd5 Nxd5 14. exd5 0-0 15. Bxd4 Bxd4 16. h3 Bxf3 17. Qxf3 b5 18. Rab1 Rb8 19. b3 Rb6 20. Qd3 Rf6 21. Rbe1 Qb6 22. Re2 Rc8 23. Rd2 Re8 24. Re2 Rc8 25. Rd2 Qa5 26. Be4 Re8 27. Re2 Qb6 28. Kg2 Rc8 29. Rd1 Kg7 30. Bf3 Rd6 31. h4 h5 32. Qe4 Bf6 33. Rc1 Rdd8 34. Qd3 Qd6 35. Rec2 Rc7 36. Re1 Rdc8 37. Rec1 Bd4 38. Re2 Qf6 39. Re4 Qd6 40. Re2 Bf6 41. Re4 Bb2 42. Rc2 Be5 43. Rc1 Bd4 44. Re2 Rb8 45. Rec2 Re7 46. b4 Rc8 47. bxc5 Qf6 48. d6 Rd7 49. Qa3 Qf5 50. c6 a5 51. Rd2 1-0

[Event "Voronezh op"]
[Site "Voronezh"]
[Date "2005.06.19"]
[Round "7"]
[White "Sergienko, Sergey"]
[Black "Zaitsev, Vladimir"]
[Result "1/2-1/2"]
[WhiteElo "2456"]
[BlackElo "2435"]
[PlyCount "99"]
[EventDate "2005.06.12"]
[EventType "swiss"]
[EventRounds "9"]
[EventCountry "RUS"]
[SourceTitle "CBM 106 Extra"]
[Source "ChessBase"]
[SourceDate "2005.07.01"]
[SourceVersion "1"]
[SourceVersionDate "2005.07.01"]
[SourceQuality "1"]

1. d4 e6 2. c4 Nf6 3. Nc3 Bb4 4. Qc2 b6 5. a3 Bxc3+ 6. Qxc3 0-0 7. Bg5 Bb7 8. Nh3 h6 9. Bh4 d5 10. cxd5 g5 11. Bg3 Nxd5 12. Qd2 f5 13. f3 f4 14. Bf2 Qf6 15. g3 Nd7 16. gxf4 gxf4 17. Rg1+ Kh8 18. 0-0-0 c5 19. e4 fxe3 20. Bxe3 Nxe3 21. Qxe3 Bxf3 22. Re1 cxd4 23. Qxe6 Rac8+ 24. Kd2 Qxe6 25. Rxe6 Rc6 26. Re7 Nc5 27. Bb5 Rcf6 28. Rxa7 Bd5 29. Re1 Nb3+ 30. Kc2 Rf3 31. Rd7 d3+ 32. Bxd3 Rc8+ 33. Kb1 Rxd3 34. Nf4 Nd2+ 35. Ka1 Re3 36. Rg1 Nb3+ 37. Ka2 Be4 38. Rd6 Nc1+ 39. Ka1 Nb3+ 40. Ka2 Nc1+ 41. Ka1 Bh7 42. Ng6+ Bxg6 43. Rdxg6 Rh3 44. Rxb6 Rxh2 45. a4 Nd3 46. a5 Nc5 47. Kb1 Ra8 48. Rgg6 Rh1+ 49. Kc2 Rh2+ 50. Kb1 1/2-1/2

[Event "RUS-chT Clubs"]
[Site "Sochi"]
[Date "2005.04.25"]
[Round "8"]
[White "Zaitsev, Vladimir"]
[Black "Gabrielian, Artur"]
[Result "0-1"]
[WhiteElo "2435"]
[BlackElo "2481"]
[PlyCount "57"]
[EventDate "2005.04.19"]
[EventType "team"]
[EventRounds "9"]
[EventCountry "RUS"]
[SourceTitle "EXT 2006"]
[Source "ChessBase"]
[SourceDate "2005.11.24"]
[SourceVersion "1"]
[SourceVersionDate "2005.11.24"]
[SourceQuality "1"]

1. e4 c5 2. Nf3 d6 3. Bb5+ Bd7 4. Bxd7+ Qxd7 5. 0-0 Nc6 6. c3 Nf6 7. Qe2 e6 8. d3 Be7 9. Ng5 h6 10. Nh3 e5 11. f4 0-0-0 12. c4 Nd4 13. Qd1 g5 14. fxe5 dxe5 15. Nc3 g4 16. Nf2 Rhg8 17. Nh1 h5 18. Ng3 h4 19. Nf5 Nxf5 20. Rxf5 Qd4+ 21. Kf1 h3 22. Ke2 g3 23. Be3 Qd7 24. hxg3 h2 25. Nd5 Nxd5 26. cxd5 Rxg3 27. Qf1 Rdg8 28. Bf2 Rxg2 29. Kf3 0-1

[Event "RUS-chT Clubs"]
[Site "Sochi"]
[Date "2005.04.20"]
[Round "4"]
[White "Balberov, Alexander"]
[Black "Zaitsev, Vladimir"]
[Result "0-1"]
[WhiteElo "2403"]
[BlackElo "2435"]
[PlyCount "96"]
[EventDate "2005.04.19"]
[EventType "team"]
[EventRounds "9"]
[EventCountry "RUS"]
[SourceTitle "EXT 2006"]
[Source "ChessBase"]
[SourceDate "2005.11.24"]
[SourceVersion "1"]
[SourceVersionDate "2005.11.24"]
[SourceQuality "1"]

1. e4 e6 2. d4 d5 3. Bd3 Nf6 4. e5 Nfd7 5. c3 c5 6. Ne2 Nc6 7. Nd2 cxd4 8. cxd4 f6 9. exf6 Qxf6 10. Nf3 Bd6 11. 0-0 h6 12. Bc2 0-0 13. Qd3 Rd8 14. a3 Nf8 15. b4 Bd7 16. Bb2 Be8 17. Qe3 Bg6 18. Ba4 Ne7 19. Ne5 Nc8 20. Nf4 Nb6 21. Bb3 Be8 22. Rfe1 Ba4 23. Ba2 Be8 24. Rac1 a5 25. bxa5 Rxa5 26. g3 Rda8 27. Rc5 R5a6 28. Bb3 Qe7 29. Rec1 Nfd7 30. Nxd7 Bxd7 31. R5c3 Na4 32. Bxa4 Rxa4 33. Re1 Qf7 34. Nd3 e5 35. Qc1 exd4 36. Rb3 Rc4 37. Qa1 Ba4 38. Rb6 Bc6 39. Ne5 Bxe5 40. Rxe5 Qc7 41. Bxd4 Raa4 42. Qe1 Rxd4 43. Re7 Qd6 44. Rexb7 Qg6 45. Rc7 Rac4 46. h4 Re4 47. Qd2 d4 48. h5 Qe6 0-1

[Event "RUS-chT Clubs"]
[Site "Sochi"]
[Date "2005.04.19"]
[Round "1"]
[White "Zaitsev, Vladimir"]
[Black "Smirnov, Artem"]
[Result "1/2-1/2"]
[WhiteElo "2435"]
[BlackElo "2413"]
[PlyCount "84"]
[EventDate "2005.04.19"]
[EventType "team"]
[EventRounds "9"]
[EventCountry "RUS"]
[SourceTitle "EXT 2006"]
[Source "ChessBase"]
[SourceDate "2005.11.24"]
[SourceVersion "1"]
[SourceVersionDate "2005.11.24"]
[SourceQuality "1"]

1. e4 c5 2. Nf3 Nc6 3. Bb5 g6 4. 0-0 Bg7 5. Re1 Nf6 6. e5 Nd5 7. Nc3 Nc7 8. Bxc6 dxc6 9. Ne4 Ne6 10. d3 0-0 11. Be3 b6 12. Qd2 Nd4 13. Nxd4 cxd4 14. Bh6 c5 15. Qf4 Bb7 16. Qh4 Bxh6 17. Qxh6 Qd5 18. f3 Qxe5 19. Ng5 Qg7 20. Qxg7+ Kxg7 21. Rxe7 Bd5 22. Rae1 Rfd8 23. Kf2 Rd6 24. b3 h6 25. Nh3 g5 26. Kg3 Be6 27. f4 Kf6 28. Rc7 Rd7 29. Rxd7 Bxd7 30. Nf2 Re8 31. Rxe8 Bxe8 32. Ne4+ Kg6 33. Nd6 Bd7 34. a4 f6 35. Nb5 Bxb5 36. axb5 Kf5 37. fxg5 fxg5 38. Kf3 h5 39. h3 g4+ 40. hxg4+ hxg4+ 41. Kf2 Kf4 42. g3+ Ke5 1/2-1/2

[Event "Serpukhov Lushki-A"]
[Site "Serpukhov"]
[Date "2004.11.29"]
[Round "14"]
[White "Komliakov, Viktor"]
[Black "Zaitsev, Vladimir"]
[Result "1/2-1/2"]
[WhiteElo "2434"]
[BlackElo "2392"]
[PlyCount "20"]
[EventDate "2004.11.19"]
[EventType "tourn"]
[EventRounds "15"]
[EventCountry "RUS"]
[EventCategory "7"]
[SourceTitle "CBM 103 Extra"]
[Source "ChessBase"]
[SourceDate "2005.01.01"]
[SourceVersion "1"]
[SourceVersionDate "2005.01.01"]
[SourceQuality "1"]

1. e4 e6 2. d4 d5 3. Nc3 Nf6 4. Bg5 dxe4 5. Nxe4 Be7 6. Bxf6 Bxf6 7. Nxf6+ Qxf6 8. Nf3 0-0 9. Bd3 Nd7 10. 0-0 e5 1/2-1/2

[Event "Serpukhov Lushki-A"]
[Site "Serpukhov"]
[Date "2004.11.28"]
[Round "13"]
[White "Zaitsev, Vladimir"]
[Black "Ostrovskiy, Andrey"]
[Result "1/2-1/2"]
[WhiteElo "2392"]
[BlackElo "2297"]
[PlyCount "46"]
[EventDate "2004.11.19"]
[EventType "tourn"]
[EventRounds "15"]
[EventCountry "RUS"]
[EventCategory "7"]
[SourceTitle "CBM 103 Extra"]
[Source "ChessBase"]
[SourceDate "2005.01.01"]
[SourceVersion "1"]
[SourceVersionDate "2005.01.01"]
[SourceQuality "1"]

1. e4 c5 2. Nf3 d6 3. Nc3 Nf6 4. e5 dxe5 5. Nxe5 e6 6. Bb5+ Bd7 7. Qf3 Qc8 8. Qg3 a6 9. Nxd7 Nbxd7 10. Be2 Qb8 11. d3 Bd6 12. Qxg7 Rg8 13. Qh6 Rxg2 14. Bg5 Bf8 15. Qh4 Qe5 16. f4 Qe3 17. Kf1 Rxe2 18. Nxe2 Qf3+ 19. Kg1 Qxe2 20. Bxf6 Qe3+ 21. Kg2 Qe2+ 22. Kg1 Qe3+ 23. Kg2 Qe2+ 1/2-1/2

[Event "Serpukhov Lushki-A"]
[Site "Serpukhov"]
[Date "2004.11.26"]
[Round "10"]
[White "Khismatullin, Denis Rimovich"]
[Black "Zaitsev, Vladimir"]
[Result "0-1"]
[WhiteElo "2552"]
[BlackElo "2392"]
[PlyCount "54"]
[EventDate "2004.11.19"]
[EventType "tourn"]
[EventRounds "15"]
[EventCountry "RUS"]
[EventCategory "7"]
[SourceTitle "CBM 103 Extra"]
[Source "ChessBase"]
[SourceDate "2005.01.01"]
[SourceVersion "1"]
[SourceVersionDate "2005.01.01"]
[SourceQuality "1"]

1. d4 e6 2. c4 f5 3. Nc3 Nf6 4. Nf3 b6 5. e3 Bb4 6. Qb3 Bxc3+ 7. Qxc3 Bb7 8. Be2 d6 9. b3 Qe7 10. Bb2 Nbd7 11. 0-0-0 Ne4 12. Qe1 a5 13. Rg1 0-0 14. Nd2 a4 15. f3 Nxd2 16. Qxd2 b5 17. cxb5 axb3 18. axb3 c6 19. g4 cxb5 20. gxf5 Bd5 21. Qd3 exf5 22. Kd2 Ra2 23. Rb1 Nf6 24. Rge1 Be4 25. Qxb5 Bxb1 26. Bc4+ Kh8 27. Rxb1 Re8 0-1

[Event "Serpukhov Lushki-A"]
[Site "Serpukhov"]
[Date "2004.11.23"]
[Round "7"]
[White "Zaitsev, Vladimir"]
[Black "Moskalenko, Alexander"]
[Result "1/2-1/2"]
[WhiteElo "2392"]
[BlackElo "2319"]
[PlyCount "39"]
[EventDate "2004.11.19"]
[EventType "tourn"]
[EventRounds "15"]
[EventCountry "RUS"]
[EventCategory "7"]
[SourceTitle "CBM 103 Extra"]
[Source "ChessBase"]
[SourceDate "2005.01.01"]
[SourceVersion "1"]
[SourceVersionDate "2005.01.01"]
[SourceQuality "1"]

1. e4 c5 2. Nf3 d6 3. Bb5+ Bd7 4. Bxd7+ Qxd7 5. 0-0 Nc6 6. c3 Nf6 7. Qe2 e6 8. Rd1 Be7 9. Na3 0-0 10. Nc2 Rac8 11. d4 cxd4 12. Ncxd4 Nxd4 13. Nxd4 a6 14. c4 Rfd8 15. b3 Qc7 16. Bb2 Nd7 17. Rac1 Bf6 18. Rc3 g6 19. Rcd3 Bg7 20. h4 1/2-1/2

[Event "Serpukhov Lushki-A"]
[Site "Serpukhov"]
[Date "2004.11.21"]
[Round "4"]
[White "Nechepurenko, Roman V"]
[Black "Zaitsev, Vladimir"]
[Result "1/2-1/2"]
[WhiteElo "2353"]
[BlackElo "2392"]
[PlyCount "80"]
[EventDate "2004.11.19"]
[EventType "tourn"]
[EventRounds "15"]
[EventCountry "RUS"]
[EventCategory "7"]
[SourceTitle "CBM 103 Extra"]
[Source "ChessBase"]
[SourceDate "2005.01.01"]
[SourceVersion "1"]
[SourceVersionDate "2005.01.01"]
[SourceQuality "1"]

1. e4 e6 2. d4 d5 3. exd5 exd5 4. c4 Nf6 5. Nf3 Bb4+ 6. Nc3 0-0 7. Be2 dxc4 8. Bxc4 Bg4 9. 0-0 Nc6 10. Be3 Rb8 11. Be2 a6 12. h3 Bf5 13. a3 Bd6 14. Nh4 Be6 15. Bd3 Nd5 16. Nf5 Bxf5 17. Bxf5 Nxe3 18. fxe3 g6 19. Bd3 f5 20. Qf3 Qg5 21. Rae1 Rbe8 22. Bc4+ Kg7 23. Bd5 Nd8 24. Re2 c6 25. Ba2 Qh4 26. g4 Qg5 27. e4 fxe4 28. Nxe4 Rxf3 29. Nxg5 Rxe2 30. Rxf3 Be7 31. Nf7 Rxb2 32. Nxd8 Bxd8 33. Rf7+ Kh6 34. Be6 Kg5 35. d5 cxd5 36. Bxd5 Kh4 37. Bxb7 Kxh3 38. Rxh7+ Kg3 39. Kf1 Ba5 40. Rf7 Kxg4 1/2-1/2

[Event "Serpukhov Lushki-A"]
[Site "Serpukhov"]
[Date "2004.11.19"]
[Round "1"]
[White "Zaitsev, Vladimir"]
[Black "Isajevsky, Anton"]
[Result "0-1"]
[WhiteElo "2392"]
[BlackElo "2432"]
[PlyCount "106"]
[EventDate "2004.11.19"]
[EventType "tourn"]
[EventRounds "15"]
[EventCountry "RUS"]
[EventCategory "7"]
[SourceTitle "CBM 103 Extra"]
[Source "ChessBase"]
[SourceDate "2005.01.01"]
[SourceVersion "1"]
[SourceVersionDate "2005.01.01"]
[SourceQuality "1"]

1. e4 c5 2. Nf3 Nc6 3. Bb5 g6 4. 0-0 Bg7 5. Qe2 Nf6 6. e5 Nd5 7. Qc4 Qa5 8. Qxd5 Qxb5 9. Na3 Nb4 10. Qb3 Qc6 11. d4 b6 12. c3 Nd3 13. d5 Nxc1 14. Raxc1 Qb7 15. Rfe1 0-0 16. Rcd1 d6 17. h3 Bd7 18. Nb5 Qb8 19. exd6 exd6 20. Re7 Qd8 21. Re3 Qb8 22. Rde1 a6 23. Na3 b5 24. Qd1 Qc7 25. Ng5 h6 26. Ne4 Rae8 27. Qf3 f5 28. Nd2 Qd8 29. Nc2 Qf6 30. Nf1 Rxe3 31. Rxe3 Re8 32. Qe2 Rxe3 33. Qxe3 Qe5 34. Qd2 f4 35. Nh2 Be8 36. Ng4 Qf5 37. b4 cxb4 38. cxb4 Bf7 39. a3 h5 40. Nh2 Qxd5 41. Qe2 Qc4 42. Qd1 Be5 43. Nf3 Kg7 44. Ncd4 Kf6 45. h4 Bd5 46. Nxe5 dxe5 47. Nf3 Kf5 48. Qb1+ Be4 49. Qb2 Bxf3 50. gxf3 e4 51. fxe4+ Qxe4 52. Qc3 Kg4 53. Kh2 Qf3 0-1

[Event "RUS Cup Qualifier 2"]
[Site "chessassistantclub.com INT"]
[Date "2004.09.30"]
[Round "?"]
[White "Vaulin, Alexander"]
[Black "Zaitsev, Vladimir"]
[Result "0-1"]
[WhiteElo "2516"]
[BlackElo "2408"]
[PlyCount "86"]
[EventDate "2004.09.30"]
[EventType "swiss (blitz)"]
[EventRounds "13"]
[EventCountry "RUS"]
[SourceTitle "EXT 2006"]
[Source "ChessBase"]
[SourceDate "2005.11.24"]
[SourceVersion "1"]
[SourceVersionDate "2005.11.24"]
[SourceQuality "1"]

1. Nf3 d5 2. d4 e6 3. g3 f5 4. Bg2 Nf6 5. 0-0 c6 6. c4 Bd6 7. Nc3 0-0 8. Bf4 Bxf4 9. gxf4 Bd7 10. Qb3 Qb6 11. e3 Rc8 12. Rfc1 Qxb3 13. axb3 Na6 14. Ne5 Be8 15. Bf1 Nb4 16. Ra4 c5 17. Raa1 cxd4 18. exd4 a6 19. Be2 Rc7 20. c5 Nd7 21. Na4 Nxe5 22. fxe5 Bc6 23. f4 h6 24. h4 Kh7 25. Kf2 Rg8 26. Nc3 g6 27. Rg1 Kg7 28. h5 Kh7 29. hxg6+ Rxg6 30. Rxg6 Kxg6 31. Rg1+ Kh7 32. Bh5 Rg7 33. Rd1 Re7 34. Ne2 Be8 35. Bxe8 Rxe8 36. Ng3 Re7 37. Kf3 Nc2 38. Rd2 Nb4 39. Nh5 Rf7 40. Nf6+ Kh8 41. Rg2 Rg7 42. Rh2 Rg6 43. Rd2 Kg7 0-1

[Event "RUS Cup Qualifier 2"]
[Site "chessassistantclub.com INT"]
[Date "2004.09.30"]
[Round "?"]
[White "Zaitsev, Vladimir"]
[Black "Galkin, Alexander"]
[Result "0-1"]
[WhiteElo "2408"]
[BlackElo "2598"]
[PlyCount "110"]
[EventDate "2004.09.30"]
[EventType "swiss (blitz)"]
[EventRounds "13"]
[EventCountry "RUS"]
[SourceTitle "EXT 2006"]
[Source "ChessBase"]
[SourceDate "2005.11.24"]
[SourceVersion "1"]
[SourceVersionDate "2005.11.24"]
[SourceQuality "1"]

1. e4 c6 2. d4 d5 3. exd5 cxd5 4. Bd3 Nc6 5. c3 Nf6 6. Bf4 Bg4 7. Qb3 Qc8 8. Nd2 e6 9. Ngf3 Be7 10. Ne5 Nxe5 11. Bxe5 0-0 12. 0-0 Bh5 13. a4 Bg6 14. Bxg6 hxg6 15. Rfe1 Rd8 16. Qc2 Qc6 17. a5 b5 18. axb6 axb6 19. Qd3 Nd7 20. Bg3 b5 21. h3 Nb6 22. Nf3 Bf6 23. Be5 Nc4 24. Bxf6 gxf6 25. Qc2 Kg7 26. h4 Nd6 27. Nd2 b4 28. Qd3 bxc3 29. bxc3 Rdc8 30. Rxa8 Rxa8 31. h5 gxh5 32. Qg3+ Kf8 33. Re3 Nf5 34. Qf4 Nxe3 35. fxe3 Ke7 36. e4 Qxc3 37. e5 fxe5 38. dxe5 Rg8 39. Nf3 Qc5+ 40. Kh2 Qc4 41. Qf6+ Ke8 42. Qh6 Qg4 43. Qd2 h4 44. Qb2 Kf8 45. Qf2 Qg3+ 46. Qxg3 hxg3+ 47. Kg1 Rg4 48. Kf1 Kg7 49. Ke2 Re4+ 50. Kd3 Kg6 51. Nh4+ Rxh4 52. Ke3 Kf5 53. Kf3 Kxe5 54. Kxg3 Rh6 55. Kf3 Rg6 0-1

[Event "Serpukhov-A"]
[Site "Serpukhov"]
[Date "2004.09.04"]
[Round "14"]
[White "Sitnikov, Anton"]
[Black "Zaitsev, Vladimir"]
[Result "1/2-1/2"]
[WhiteElo "2384"]
[BlackElo "2408"]
[PlyCount "149"]
[EventDate "2004.08.26"]
[EventType "tourn"]
[EventRounds "17"]
[EventCountry "RUS"]
[EventCategory "6"]
[SourceTitle "EXT 2006"]
[Source "ChessBase"]
[SourceDate "2005.11.24"]
[SourceVersion "1"]
[SourceVersionDate "2005.11.24"]
[SourceQuality "1"]

1. e4 e6 2. d4 d5 3. Nc3 Nf6 4. e5 Nfd7 5. f4 c5 6. Nf3 Nc6 7. Be3 a6 8. Qd2 b5 9. Be2 Qb6 10. 0-0 cxd4 11. Nxd4 Nxd4 12. Bxd4 Qxd4+ 13. Qxd4 Bc5 14. Qxc5 Nxc5 15. b4 Na4 16. Nxa4 bxa4 17. c4 dxc4 18. Rac1 Bb7 19. Rxc4 Bd5 20. Rc7 Bxa2 21. Bf3 Bd5 22. Bxd5 exd5 23. Ra1 0-0 24. Rxa4 g5 25. Rd7 gxf4 26. Rxd5 Rfc8 27. Rd4 Rc2 28. h4 Rb2 29. Rxf4 Rb8 30. h5 Rb6 31. Kh2 Rh6 32. Rf5 Rb6 33. Rf4 Rh6 34. Rh4 Re2 35. b5 a5 36. Rhg4+ Kf8 37. Rg5 Re6 38. Rxa5 R6xe5 39. Rxe5 Rxe5 40. g4 f5 41. g5 f4 42. Ra8+ Ke7 43. b6 Rb5 44. Ra7+ Kd6 45. Rxh7 Rxg5 46. b7 Rb5 47. h6 f3 48. Rf7 Ke6 49. Rc7 Kd6 50. Rg7 Rb1 51. h7 f2 52. h8Q Rh1+ 53. Kxh1 f1Q+ 54. Kh2 Qf2+ 55. Rg2 Qf4+ 56. Rg3 Qf2+ 57. Kh3 Qf5+ 58. Kh4 Qf4+ 59. Kh5 Qf5+ 60. Kh6 Qf4+ 61. Rg5 Qh4+ 62. Rh5 Qf4+ 63. Kg6 Qg4+ 64. Rg5 Qe4+ 65. Kg7 Qd4+ 66. Kg8 Qc4+ 67. Kf8 Qf4+ 68. Ke8 Qa4+ 69. Kf7 Qc4+ 70. Kg6 Qe4+ 71. Rf5 Qg4+ 72. Kh6 Qh4+ 73. Kg7 Qg4+ 74. Kh6 Qh4+ 75. Rh5 1/2-1/2

[Event "Serpukhov-A"]
[Site "Serpukhov"]
[Date "2004.09.01"]
[Round "9"]
[White "Zaitsev, Vladimir"]
[Black "Lomako, Pavel"]
[Result "1/2-1/2"]
[WhiteElo "2408"]
[BlackElo "2342"]
[PlyCount "27"]
[EventDate "2004.08.26"]
[EventType "tourn"]
[EventRounds "17"]
[EventCountry "RUS"]
[EventCategory "6"]
[SourceTitle "EXT 2006"]
[Source "ChessBase"]
[SourceDate "2005.11.24"]
[SourceVersion "1"]
[SourceVersionDate "2005.11.24"]
[SourceQuality "1"]

1. d4 Nf6 2. Nf3 e6 3. Bg5 c5 4. c3 cxd4 5. cxd4 h6 6. Bxf6 Qxf6 7. e3 b6 8. Bd3 Bb7 9. Nbd2 Bb4 10. 0-0 Bxd2 11. Nxd2 0-0 12. Qg4 Nc6 13. a3 d5 14. f3 1/2-1/2

[Event "RUS Central Region-ch"]
[Site "Tula"]
[Date "2004.03.19"]
[Round "6"]
[White "Grishchenko, Sergey"]
[Black "Zaitsev, Vladimir"]
[Result "1-0"]
[WhiteElo "2282"]
[BlackElo "2239"]
[PlyCount "86"]
[EventDate "2004.03.14"]
[EventType "swiss"]
[EventRounds "9"]
[EventCountry "RUS"]
[SourceTitle "EXT 2005"]
[Source "ChessBase"]
[SourceDate "2004.11.15"]
[SourceVersion "1"]
[SourceVersionDate "2004.11.15"]
[SourceQuality "1"]

1. d4 e6 2. c4 f5 3. g3 Nf6 4. Bg2 d5 5. Nh3 c6 6. Nd2 Be7 7. 0-0 0-0 8. b3 a5 9. Bb2 Na6 10. Rc1 b6 11. Nf3 Bd7 12. Nf4 Rc8 13. a3 Bd6 14. Qd3 Nb8 15. c5 Bc7 16. Qd1 Na6 17. Nd3 Rb8 18. Nfe5 Qe7 19. Qc2 bxc5 20. dxc5 Rb5 21. Bd4 Ne4 22. f3 Ng5 23. Rb1 Nf7 24. Nxf7 Rxf7 25. f4 Rf8 26. Qc3 Ra8 27. Rfc1 Bc8 28. b4 Rab8 29. Bf1 axb4 30. axb4 Ba5 31. Be5 R8b7 32. Qa1 Nxb4 33. Bd6 Qd8 34. e3 Nc2 35. Qa2 Rxb1 36. Rxb1 Rxb1 37. Qxb1 Nxe3 38. Ne5 Nxf1 39. Nxc6 Qe8 40. Nxa5 Qa4 41. Qb8 Ne3 42. Qxc8+ Kf7 43. h3 Qe4 1-0